000 00665nam a2200193Ii 4500
003 JO-AjNU
008 230605s9999||||xx |||||||||||||| ||und||
040 _aJO-AjNU
_bara
_erda
_cJO-AjNU
041 _aara
050 1 4 _aB751.I72.S222.1984
100 3 _aسبانو،احمد غسان,
_eauthor
_917136
245 0 0 _aابن سينا في دوائر المعارف العربية والعالمية وكتب الاعلام
264 3 1 _aد.م:دار قتيبة ،1984
300 _a167ص
336 _atext
_btxt
_2rdacontent
337 _aunmediated
_bn
_2rdamedia
338 _avolume
_bnc
_2rdacarrier
650 4 _aالطب-التراجم-علماء عرب
_917137
999 _aA5229
_c8797
_d8797